The final bell /

Uloženo v:
Podrobná bibliografie
Hlavní autor: Hunter, M.S (Autor)
Médium: Kniha
Jazyk:angličtina
Vydáno: Boston : Alyson, [c1994]
Tagy: Přidat tag
Žádné tagy, Buďte první, kdo vytvoří štítek k tomuto záznamu!

MARC

LEADER 00000nam a22000007i 4500
001 IT\ICCU\UBO\2248099
003 ItRI
005 20260115231832.0
008 030715s1994 xxu|||||| ||||| |||||c
020 |a 1555832482 
040 |b ita  |c importazione bologna sebina 
041 7 |a eng  |2 ISO-639-2 
100 1 |a Hunter, M.S.  |0 IT\ICCU\UBOV\813188  |4 aut 
245 1 4 |a The final bell /  |c by M.S.Hunter. 
260 |a Boston :  |b Alyson,  |c [c1994] 
300 |a 191 p. ;  |c 22 cm. 
942 |2 ddc  |c BK  |n 0 
952 |0 0  |1 0  |4 0  |6 DOC_813_540000000000000_HUN  |7 0  |9 13833  |a BO  |b BO  |d 2026-01-15  |i 7452  |l 0  |o DOC 813.54 HUN  |p BO7452  |r 2026-01-15 23:18:32  |w 2026-01-15  |x [Sebina 5] [1 v.]  |y BK  |z 1 v. 
999 |c 11905  |d 11905